| 000 | 00406nam a2200169Ia 4500 | ||
|---|---|---|---|
| 008 | 221030s9999 xx 000 0 und d | ||
| 020 | _a8173172595 | ||
| 041 | _aEnglish | ||
| 082 |
_a105.23 _bSin |
||
| 100 | _aV. P. Singh | ||
| 245 | 0 |
_aDTP Course _cby V. P. Singh, M. Singh |
|
| 260 |
_bAsia Pub House _aNew Delhi _c1999 |
||
| 300 | _a533 | ||
| 650 | _aBE Computer | ||
| 700 | _aM. Singh | ||
| 942 | _cBK | ||
| 999 |
_c7284 _d7284 |
||